Statistics for 1960s Oscar Best Actress Nominees

Click here to take the quiz!

General Stats

  • This quiz has been taken 301 times
  • The average score is 16 of 33

Answer Stats

MoviesActress% Correct
The Nun's Story; Breakfast at Tiffany'sAudrey Hepburn
98%
Mary Poppins; The Sound of MusicJulie Andrews
97%
Suddenly, Last Summer; Long Day's Journey into Night;
Guess Who's Coming to Dinner; The Lion in Winter
Katharine Hepburn
97%
Funny GirlBarbra Streisand
90%
Suddenly, Last Summer; BUtterfield 8;
Who's Afraid of Virginia Woolf?
Elizabeth Taylor
89%
Bonnie and ClydeFaye Dunaway
80%
What Ever Happened to Baby Jane?Bette Davis
79%
The Miracle Worker; The Pumpkin Eater; The GraduateAnne Bancroft
74%
Two Women; Marriage Italian StyleSophia Loren
71%
The Apartment; Irma la DouceShirley MacLaine
69%
Pillow TalkDoris Day
58%
DarlingJulie Christie
57%
Splendor in the Grass; Love with the Proper StrangerNatalie Wood
56%
Hud; The Subject Was RosesPatricia Neal
50%
Room at the Top; Ship of Fools; Wait Until DarkSimone Signoret
44%
Georgy GirlLynn Redgrave
43%
Morgan!; IsadoraVanessa Redgrave
43%
Rachel, RachelJoanne Woodward
41%
The Unsinkable Molly BrownDebbie Reynolds
36%
Days of Wine and RosesLee Remick
32%
Summer and Smoke; Sweet Bird of YouthGeraldine Page
29%
The SundownersDeborah Kerr
28%
The HustlerPiper Laurie
25%
Sunrise at CampobelloGreer Garson
23%
Never on SundayMelina Mercouri
23%
The L-Shapes RoomLeslie Caron
22%
A Man and a WomanAnouk Aimée
21%
The WhisperersEdith Evans
19%
Séance on a Wet AfternoonKim Stanley
19%
The CollectorSamantha Eggar
19%
A Patch of BlueElizabeth Hartman
17%
The Shop in Main StreetIda Kamińska
16%
This Sporting LifeRachel Roberts
16%

Score Distribution

Percentile by Number Answered

Percent of People with Each Score

Your Score History

You have not taken this quiz